Potřeby a zdroje opory rodičů a sourozenců dětí s život limitujícím či život ohrožujícím onemocněním / Veronika Šmahajová, Tereza Cahel
Monografie referuje o potřebách a zdrojích opory rodičů dětí s život limitujícím a život ohrožujícím onemocněním a jejich zdravých sourozenců. Zaměření této publikace se však dotýká celého rodinného systému v souvislosti s problematikou závažného onemocnění a v kontextu dětské paliativní péče v České republice. Kniha poskytuje jak teoretický, tak praktický vhled do zvolené problematiky a je věnována odborné i laické veřejnosti. Výzkumná část je realizována se 7 rodinami, které toto onemocnění přímo zasahuje. Naší velkou snahou bylo dosáhnout komplexního zaměření na rodinný systém, zejména pak na často opomíjené sourozence, a vytvořit tak materiál, který by mohl pomoci rodinám v podobně tíživé situaci
Record details
- ISBN: 978-80-7476-371-7
- Physical Description: 236 stran : ilustrace ; 21 cm
- Edition: 1. vydání
- Publisher: Praha : Togga, 2024
Content descriptions
| Bibliography, etc. Note: | Obsahuje bibliografii a rejstříky |
| Language Note: | Anglické a české resumé |
Search for related items by subject
| Subject: | nemocné děti nevyléčitelně nemocní péče o dlouhodobě nemocné péče o dítě rodinné vztahy sociologie rodiny sociální problémy |
| Genre: | monografie |
Available copies
- 1 of 1 copy available at Common Catalog SPOK.
Holds
- 0 current holds with 1 total copy.
Show Only Available Copies
| Location | Call Number / Copy Notes | Barcode | Shelving Location | Status | Due Date |
|---|---|---|---|---|---|
| Jabok Library | Psy-9.5/Š | 424480046891 | Odborná literatura | Available | - |
| LDR | 02383nam a2200421 i 4500 | ||
|---|---|---|---|
| 001 | 58337 | ||
| 003 | CZ-PrJAB | ||
| 005 | 20241205152454.0 | ||
| 007 | ta | ||
| 008 | 241127s2024 xr a e b 001 0 cze c | ||
| 020 | . | ‡a978-80-7476-371-7 ‡q(brožováno) | |
| 035 | . | ‡a(CZ PrSKC)kpm01713092 | |
| 040 | . | ‡aABA008 ‡bcze ‡dABA008 ‡dLID001 ‡erda | |
| 041 | 0 | . | ‡acze ‡bcze ‡beng |
| 072 | 7. | ‡a364 ‡xSociální problémy vyžadující podporu a pomoc. Sociální zabezpečení ‡2Konspekt ‡918 | |
| 100 | 1 | . | ‡aŠmahajová, Veronika ‡4aut |
| 245 | 1 | 0. | ‡aPotřeby a zdroje opory rodičů a sourozenců dětí s život limitujícím či život ohrožujícím onemocněním / ‡cVeronika Šmahajová, Tereza Cahel |
| 250 | . | ‡a1. vydání | |
| 264 | 1. | ‡aPraha : ‡bTogga, ‡c2024 | |
| 300 | . | ‡a236 stran : ‡bilustrace ; ‡c21 cm | |
| 336 | . | ‡atext ‡btxt ‡2rdacontent | |
| 337 | . | ‡abez média ‡bn ‡2rdamedia | |
| 338 | . | ‡asvazek ‡bnc ‡2rdacarrier | |
| 504 | . | ‡aObsahuje bibliografii a rejstříky | |
| 520 | 2 | . | ‡aMonografie referuje o potřebách a zdrojích opory rodičů dětí s život limitujícím a život ohrožujícím onemocněním a jejich zdravých sourozenců. Zaměření této publikace se však dotýká celého rodinného systému v souvislosti s problematikou závažného onemocnění a v kontextu dětské paliativní péče v České republice. Kniha poskytuje jak teoretický, tak praktický vhled do zvolené problematiky a je věnována odborné i laické veřejnosti. Výzkumná část je realizována se 7 rodinami, které toto onemocnění přímo zasahuje. Naší velkou snahou bylo dosáhnout komplexního zaměření na rodinný systém, zejména pak na často opomíjené sourozence, a vytvořit tak materiál, který by mohl pomoci rodinám v podobně tíživé situaci |
| 546 | . | ‡aAnglické a české resumé | |
| 650 | 0 | 7. | ‡anemocné děti ‡7ph137524 ‡2czenas |
| 650 | 0 | 7. | ‡anevyléčitelně nemocní ‡7ph123280 ‡2czenas |
| 650 | 0 | 7. | ‡apéče o dlouhodobě nemocné ‡7ph238359 ‡2czenas |
| 650 | 0 | 7. | ‡apéče o dítě ‡7ph124848 ‡2czenas |
| 650 | 0 | 7. | ‡arodinné vztahy ‡7ph135535 ‡2czenas |
| 650 | 0 | 7. | ‡asociologie rodiny ‡7ph125759 ‡2czenas |
| 650 | 0 | 7. | ‡asociální problémy ‡7ph125804 ‡2czenas |
| 653 | 0 | . | ‡adětská paliativní péče ‡apodpora pečujících |
| 655 | 7. | ‡amonografie ‡7fd132842 ‡2czenas | |
| 700 | 1 | . | ‡aCahel, Tereza ‡4aut |
| 910 | . | ‡aABG312 | |
| 995 | . | ‡aska | |
| 901 | . | ‡a58337 ‡bAUTOGEN ‡c58337 ‡tbiblio | |